00377pab a2200145 454500008004000000100002700040245004400067260000900111300001300120362001200133650001300145650003600158650001100194773002600205180718b2001 xxu||||| |||| 00| 0 eng d aMishra, Rajendra Kumar aWeb governance by Madhya Pradesh police c2001 ap.26-32. aJul-Sep aInternet aPolice - India - Madhya Pradesh aPolice aIndian Police Journal